000 00241nam a2200109Ia 4500
008 230907s9999||||xx |||||||||||||| ||und||
082 _a620.5
_bNAN
245 0 _aNanomechanics /
260 _aIntech,
_c2018
300 _a183 p.
942 _cBK
999 _c598492
_d598492